Normal view
MARC view
- Emmerling, Mary Ellisor
Entry Personal Name
001 - CONTROL NUMBER
- control field: 107289
003 - CONTROL NUMBER IDENTIFIER
- control field: NUST
005 - DATE AND TIME OF LATEST TRANSACTION
- control field: 20230120181133.0
008 - FIXED-LENGTH DATA ELEMENTS
- fixed length control field: 230120|| aca||aabn | a|a d
040 ## - CATALOGING SOURCE
- Original cataloging agency: NUST
- Transcribing agency: NUST
100 ## - HEADING--PERSONAL NAME
- Personal name: Emmerling, Mary Ellisor
670 ## - SOURCE DATA FOUND
- Source citation: Work cat.: (NUST)185236: Emmerling, Mary Ellisor., Mary Emmerling's American country West /, c1985.
